000 00744nam a2200289Ia 4500
005 20260324141848.0
008 008 260324s9999 xx 000 0 eng d
020 _a9781003555049
037 _aEBOOK
040 _aCRL
040 _beng
040 _cCRL
041 _2eng
041 _aeng
084 _qCRL
100 _aJacob M. Price
_91209802
245 4 _aThe Atlantic Frontier of the Thirteen American Colonies and States
245 0 _bEssays in Eighteenth-Century Commercial and Social History
260 _bTaylor and Francis
260 _c1996
365 _a
365 _b135
856 _uhttp://www.taylorfrancis.com/books/9781003555049
942 _cEBOOK
999 _c1813327
_d1813327